000
00298nam a2200109Ia 4500
008
230907s9999||||xx |||||||||||||| ||und||
082
_a
510.28553
_b
MIK
100
_a
Mikhailov, Eugeniy E.,
_9
115974
245
0
_a
Programming with MATLAB for scientists :
300
_a
xiii, 250 pages :
942
_c
BK
999
_c
600626
_d
600626